00000000nam 2200000za 4500
0019.698609
003CaOODSP
00520210625000015
007cr |||||||||||
008150407|2014||||xxc|||||o    f|0| 0 eng d
020 |a978-1-100-22899-0
040 |aCaOODSP|beng
043 |an-cn---
0861 |aIu37-3/2013E-PDF
1101 |aCanada.|bIndustry Canada. |bIndustrial Technologies Office.
24510|aTechnology Demonstration Program - program guide |h[electronic resource]
260 |aOttawa - Ontario : |bIndustry Canada. |cApril 2014.
300 |a8p.|btables
590 |a14-19|b2014-05-09
69007|aIndustrial technology|2gcpds
69007|aTechnology policy|2gcpds
77508|tProgramme de démonstration de technologie - guide de programme |w(CaOODSP)9.642616
7760#|tTechnology Demonstration Program |w(CaOODSP)9.677715
7760#|tProgramme de démonstration de technologies |w(CaOODSP)9.677716
794 |tTechnology Demonstration Program - program guide |w(CaOODSP)9.801749
85640|ahttp://publications.gc.ca|qPDF|s66 KB|uhttps://publications.gc.ca/collections/collection_2014/ic/Iu37-3-2013-eng.pdf